[Event "42nd Rubinstein Memorial"]
[Site "Polanica Zdroj POL"]
[Date "2006.08.27"]
[Round "8"]
[White "Czarnota, Pawel"]
[Black "Socko, Bartosz"]
[WhiteElo "2140"]
[BlackElo "2557"]
[Result "1/2-1/2"]
[EventDate "2006.08.20"]
[PlyCount "35"]
1. e4 e5 2. Nf3 Nc6 3. Bb5 a6 4. Ba4 Nf6 5. O-O Be7 6. Re1 b5 7. Bb3 d6 8. c3 O-O 9. h3 Na5 10. Bc2 c5 11. d4 Qc7 12. Nbd2 cxd4 13. cxd4 Nc6 14. Nb3 a5 15. Be3 a4 16. Nbd2 Bd7 17. Rc1 Rfc8 18. Bd3 1/2-1/2

[Event "42nd Rubinstein Memorial"]
[Site "Polanica Zdroj POL"]
[Date "2006.08.27"]
[Round "8"]
[White "Heberla, Bartlomiej"]
[Black "Atalik, Suat"]
[WhiteElo "2364"]
[BlackElo "2543"]
[Result "1/2-1/2"]
[EventDate "2006.08.20"]
[PlyCount "37"]
1. e4 e5 2. Nf3 Nc6 3. Bc4 Bc5 4. c3 Nf6 5. d3 a6 6. Bb3 Ba7 7. Nbd2 O-O 8. h3 Kh8 9. Nf1 d5 10. Qe2 dxe4 11. dxe4 Be6 12. Ng3 Bxb3 13. axb3 Ne8 14. O-O Nd6 15. Rd1 Qf6 16. Be3 Bxe3 17. Qxe3 Qe6 18. b4 f6 {When my opponent offered me a draw I really wanted call it a day.Enough with this tournament.} 19. Qe2 1/2-1/2

[Event "42nd Rubinstein Memorial"]
[Site "Polanica Zdroj POL"]
[Date "2006.08.27"]
[Round "8"]
[White "Kempinski, Robert"]
[Black "Bobras, Piotr"]
[WhiteElo "2543"]
[BlackElo "2417"]
[Result "1-0"]
[EventDate "2006.08.20"]
[PlyCount "85"]
1. d4 Nf6 2. c4 g6 3. g3 Bg7 4. Bg2 d5 5. cxd5 Nxd5 6. e4 Nb6 7. Ne2 c5 8. d5 e6 9. O-O O-O 10. Nbc3 Na6 11. Nf4 e5 12. Nh3 Bd7 13. Qe2 c4 14. Be3 Rc8 15. Ng5 Nc5 16. Nf3 Nba4 17. Nxa4 Nxa4 18. Rfc1 b5 19. Bxa7 f5 20. Be3 f4 21. gxf4 Bg4 22. Qd2 Bxf3 23. Bxf3 Nc5 24. Bxc5 Rxc5 25. f5 Qh4 26. Qe2 Bh6 27. Rc3 Bf4 28. Bg2 Qxh2+ 29. Kf1 Qh4 30. Rd1 Rc7 31. a4 gxf5 32. Rh3 Qf6 33. axb5 Rg7 34. Qh5 fxe4 35. Bxe4 h6 36. d6 Rg5 37. Qf3 Qg7 38. Ke2 Rd8 39. b6 Qf6 40. b7 Rg7 41. Rh5 Kh8 42. Qh3 Rgg8 43. Qf5 1-0

[Event "42nd Rubinstein Memorial"]
[Site "Polanica Zdroj POL"]
[Date "2006.08.27"]
[Round "8"]
[White "Kryvoruchko, Yuriy"]
[Black "Zubarev, Alexander"]
[WhiteElo "2148"]
[BlackElo "2468"]
[Result "1-0"]
[EventDate "2006.08.20"]
[PlyCount "79"]
1. e4 c5 2. Nf3 Nc6 3. d4 cxd4 4. Nxd4 e5 5. Nb5 Nf6 6. N1c3 h6 7. Nd6+ Bxd6 8. Qxd6 Qe7 9. Qxe7+ Kxe7 10. Be3 d6 11. O-O-O Be6 12. f3 Rhd8 13. a3 a6 14. Nd5+ Bxd5 15. exd5 Nb8 16. g4 Nbd7 17. h4 Nf8 18. g5 hxg5 19. hxg5 N6d7 20. Bd3 Ng6 21. Rh7 Rg8 22. Re1 Kd8 23. Kd2 Kc7 24. c4 a5 25. Kc3 Rae8 26. b4 Ra8 27. Kb3 b6 28. Bf5 Ndf8 29. Rhh1 Ne7 30. Bd3 axb4 31. axb4 Nfg6 32. Ra1 Rh8 33. Rxh8 Rxa1 34. Rh7 Re1 35. Bd2 Rd1 36. Kc2 Ra1 37. Rxg7 Ra2+ 38. Kd1 e4 39. Bxe4 Ne5 40. Bc3 1-0

[Event "42nd Rubinstein Memorial"]
[Site "Polanica Zdroj POL"]
[Date "2006.08.27"]
[Round "8"]
[White "Laznicka, Viktor"]
[Black "Belov, Vladimir"]
[WhiteElo "2045"]
[BlackElo "2424"]
[Result "1/2-1/2"]
[EventDate "2006.08.20"]
[PlyCount "49"]
1. d4 Nf6 2. Bg5 d5 3. e3 c6 4. Bd3 g6 5. Nf3 Bg7 6. O-O Bg4 7. c4 O-O 8. Nc3 Nbd7 9. h3 Bxf3 10. Qxf3 e6 11. Rfd1 Qa5 12. Bh4 Rac8 13. a3 Rfe8 14. b4 Qc7 15. Rac1 Qd6 16. Bf1 a6 17. Qe2 b5 18. c5 Qc7 19. f4 Ne4 20. Nxe4 dxe4 21. a4 f5 22. Ra1 Bf6 23. Be1 Bg7 24. Bh4 Bf6 25. Be1 1/2-1/2

[Event "42nd Rubinstein Memorial"]
[Site "Polanica Zdroj POL"]
[Date "2006.08.28"]
[Round "9"]
[White "Atalik, Suat"]
[Black "Kempinski, Robert"]
[WhiteElo "2543"]
[BlackElo "2543"]
[Result "1/2-1/2"]
[EventDate "2006.08.20"]
[PlyCount "82"]
1. d4 d5 2. c4 e6 3. Nf3 c6 4. e3 Nf6 5. Bd3 Nbd7 6. Nc3 dxc4 7. Bxc4 b5 8. Bd3 Bd6 9. Bd2 Bb7 10. Rc1 Qb8 11. Ne4 Nxe4 12. Bxe4 c5 13. Qc2 c4 14. O-O Nf6 15. Bxb7 Qxb7 16. b3 Rc8 17. bxc4 Rxc4 18. Qb3 Rxc1 19. Rxc1 O-O 20. Bb4 Rc8 21. Rxc8+ Qxc8 22. g3 Bxb4 23. Qxb4 a6 24. Ne5 Qc7 25. Qa3 a5 26. Qd3 Qb7 27. Qc3 a4 28. Qa5 g6 29. g4 h6 30. h4 Kg7 31. g5 hxg5 32. hxg5 Nd7 33. Ng4 Nf8 34. Nf6 Nh7 35. Ne8+ Kf8 36. Nd6 Qb8 37. Nxb5 Nxg5 38. Qxa4 Qb7 39. Nd6 Qf3 40. Qa5 Nh3+ 41. Kh2 Qxf2+ {After some time Robert decided to give perpetual instead of converting his advantage.This brought him a 3 way tied first place.} 1/2-1/2

[Event "42nd Rubinstein Memorial"]
[Site "Polanica Zdroj POL"]
[Date "2006.08.28"]
[Round "9"]
[White "Belov, Vladimir"]
[Black "Kryvoruchko, Yuriy"]
[WhiteElo "2424"]
[BlackElo "2148"]
[Result "0-1"]
[EventDate "2006.08.20"]
[PlyCount "84"]
1. Nf3 Nf6 2. g3 c5 3. Bg2 Nc6 4. O-O e5 5. c4 Be7 6. Nc3 O-O 7. d3 d6 8. a3 h6 9. Ne1 Be6 10. Nd5 Qd7 11. Nc2 Bh3 12. Nxf6+ Bxf6 13. e4 Bxg2 14. Kxg2 Be7 15. b4 f5 16. b5 Nd4 17. Nxd4 cxd4 18. Qe2 f4 19. f3 Bg5 20. a4 a5 21. b6 Ra6 22. Qa2 Kh7 23. Rb1 Bd8 24. Rb5 Rxb6 25. Rxa5 Rc6 26. Rb5 b6 27. g4 h5 28. h3 Rc8 29. Bd2 Kg6 30. Rd5 hxg4 31. hxg4 Rh8 32. Qb3 Bc7 33. Qb5 Qe7 34. Bxf4 Qh4 35. Bg3 Qh3+ 36. Kf2 Rcf8 37. Rg1 Qh6 38. g5 Qh5 39. f4 exf4 40. Qd7 fxg3+ 41. Ke1 Qf3 42. Qe6+ Rf6 0-1

[Event "42nd Rubinstein Memorial"]
[Site "Polanica Zdroj POL"]
[Date "2006.08.28"]
[Round "9"]
[White "Bobras, Piotr"]
[Black "Laznicka, Viktor"]
[WhiteElo "2417"]
[BlackElo "2045"]
[Result "1-0"]
[EventDate "2006.08.20"]
[PlyCount "97"]
1. e4 c5 2. Nf3 e6 3. d4 cxd4 4. Nxd4 Nc6 5. Nc3 a6 6. Nxc6 bxc6 7. Bd3 d5 8. O-O Nf6 9. Re1 Qc7 10. Qf3 Be7 11. exd5 cxd5 12. Bf4 Qd8 13. Be5 O-O 14. Rad1 Bd6 15. Qg3 Bxe5 16. Qxe5 Bb7 17. Ne2 Qb6 18. Qd4 Qc7 19. Ng3 a5 20. c3 Ba6 21. Bb1 Rab8 22. Rd2 Rfc8 23. Qh4 Qd6 24. Nh5 Nxh5 25. Qxh5 g6 26. Qf3 a4 27. h4 Qd8 28. g3 Rb6 29. Bd3 Bxd3 30. Qxd3 Qf6 31. Re3 h5 32. Rf3 Qg7 33. a3 Rc4 34. Qe3 Rbc6 35. Rf4 Rxf4 36. Qxf4 Rc4 37. Qb8+ Qf8 38. Qe5 Re4 39. Qc7 Qh6 40. Rd1 Kg7 41. Kg2 Re2 42. Rd3 Kg8 43. c4 dxc4 44. Rd8+ Kh7 45. Rd7 Kg8 46. Qc8+ Kg7 47. Qe8 Kf6 48. Rxf7+ Ke5 49. Qb5+ 1-0

[Event "42nd Rubinstein Memorial"]
[Site "Polanica Zdroj POL"]
[Date "2006.08.28"]
[Round "9"]
[White "Zubarev, Alexander"]
[Black "Czarnota, Pawel"]
[WhiteElo "2468"]
[BlackElo "2140"]
[Result "1-0"]
[EventDate "2006.08.20"]
[PlyCount "93"]
1. e4 c5 2. c3 e5 3. Nf3 Nc6 4. Bc4 Qc7 5. O-O Be7 6. d4 cxd4 7. cxd4 Nxd4 8. Nxd4 Qxc4 9. Nf5 Qxe4 10. Nxe7 Nxe7 11. Re1 Qf5 12. f4 e4 13. Nc3 d5 14. b3 Be6 15. Ba3 Qf6 16. Qd2 Rd8 17. Rad1 Rd7 18. Rf1 e3 19. Bxe7 Kxe7 20. Qxe3 d4 21. Qe4 g6 22. Ne2 Rhd8 23. f5 gxf5 24. Qd3 Qe5 25. Rf3 Qe4 26. Qd2 Rg8 27. Ng3 Qd5 28. Re1 Kd8 29. Kh1 Kc8 30. Nh5 Rdd8 31. Nf6 Qd6 32. Nxg8 Rxg8 33. Rd1 Kb8 34. Rd3 Rg4 35. Rg3 Rxg3 36. hxg3 Qxg3 37. Qxd4 a6 38. Kg1 h5 39. Qh8+ Ka7 40. Qxh5 Qe3+ 41. Kh1 Qf2 42. Qh8 Qxa2 43. Qd4+ b6 44. Rc1 Kb7 45. Qd8 a5 46. Rc7+ Ka6 47. Qd3+ 1-0